000 00498nam a2200157Ia 4500
005 20250508152818.0
008 008 250505s9999 xx 000 0 eng d
037 _aBooks to be hide in OPAC
040 _aFEDL
_beng
_cFEDL
041 _aeng
_2eng
084 _a016, HOL/O
_qFEDL
245 0 _aOrient: A surveyof films produced in countries of Arab and Asian culture
260 _aLondon, UK
_bThe British Film Institute
_c1959
942 _cHB
_h016, HOL/O
999 _c1338902
_d1338902